000 01288cam a2200301 4500
008 050317n2004 000 0 eng u
020 _a1860817238
035 _a(Sirsi) u129092
041 _aeng
050 _a693.82
_c18
100 _aBregulla, J.
245 _aStructural fire engineering design
_bmaterials behaviour - timber
260 _aWatford
_bBRE
_c2004
300 _a6p.
_c30cm.
350 _a12
490 _aBRE Digest
_v487 Part 4
520 _aThis digest forms part of a suite of related documents containing guidance for the construction industry on structural fire engineering design (see also BRE Digests 484, 485, 488 and 490). Each digest may be used in isolation or as part of the full suite. This digest provides general guidance on the response of structural timber to fire and considers current design methods available, including those described in European and British Standards.
650 _aFIRE SAFETY ENGINEERING
650 _aTIMBER
650 _aFIRE PROTECTION
650 _aSTRUCTURAL ENGINEERING
650 _aFIRE RESISTANCE
690 _aBUILT ENVIRONMENT-BUILDING MATERIALS
700 _aEnjily, V.
710 _aBuilding Research Establishment
710 _aBRE Centre for Timber Technology and Construction
942 _n0
999 _c104101
_d104101